00799 2200205 4500001002100000005001700021008004100038035002400079040001200103082001000115090001900125100002700144245018100171260010400352300004200456500003400498504002700532650001600559990001800575YOGYA-0113000000175520130129093757.0 ind  0010-011300000001755 aYOPDYOG a339.3 aSK 339.3 Bud E aBUDI ASTRI ISTI RAHAYU aEfektivitas dan elastisitas penerimaan pendapatan asli daerah (PAD) dari bagian laba Badan Usaha Milik Daerah (BUMD) Kabupaten Kulon Progo 1994/1995-2003/Budi Astri Isti Rahayu aYogyakarta :bProgram Studi Ekonomi Pembangunan Fakultas Ekonomi Universitas Wangsa Manggala,c2005 axiv,53,(14)lbr.:bilus.,lamp.;c29 cm aSkripsi Univ. Wangsa Manggala aBibliografi : (lbr.54) aPenghasilan a43074-PD/A-12